|
|
|
|
| LEADER |
01101pam a22002898a 4500 |
| 001 |
00031175 |
| 005 |
20171026081025.0 |
| 008 |
130918s2007 ||||||viesd |
| 020 |
|
|
|c 24000
|
| 041 |
0 |
# |
|a vie
|
| 082 |
1 |
4 |
|a 069
|b B108T
|
| 100 |
1 |
# |
|a Trịnh, Thị Minh Đức
|e Chủ biên
|
| 245 |
1 |
0 |
|a Bảo tồn di tích lịch sử văn hóa
|b Giáo trình dành cho sinh viên đại học và cao đẳng ngành Bảo tàng
|c Trịnh Thị Minh Đức (ch.b); Phạm Thu Hương
|
| 260 |
# |
# |
|a Hà Nội
|b Đại học quốc gia Hà Nội
|c 2007
|
| 300 |
# |
# |
|a 215 tr.
|c 21 cm.
|
| 500 |
# |
# |
|a ĐTTS ghi: Trường Đại học văn hóa Hà Nội
|
| 653 |
# |
# |
|a Bảo tàng
|
| 653 |
# |
# |
|a Giáo trình
|
| 653 |
# |
# |
|a Di tích lịch sử
|
| 653 |
# |
# |
|a Bảo tồn
|
| 700 |
1 |
# |
|a Phạm, Thu Hương
|
| 852 |
# |
# |
|b Kho mượn
|j KM.0016035
|
| 852 |
# |
# |
|j KD.0014958
|j KM.0016035
|
| 852 |
# |
# |
|b Kho đọc
|j KD.0014958
|
| 910 |
|
|
|e 9/2013
|d 18/09/2013
|
| 980 |
# |
# |
|a Trung tâm Học liệu Lê Vũ Hùng, Trường Đại học Đồng Tháp
|